Paradigmas de la investigación socioeducativa.

Guardado en:
Bibliografiske detaljer
Hovedforfatter: Tedesco, Juan Carlos (autor)
Format: Ukendt
Sprog:spansk
Fag:
Online adgang:Ver documento en línea
Tags: Tilføj Tag
Ingen Tags, Vær først til at tagge denne postø!

MARC

LEADER 00000c**#a2200000ua#4500
001 000529953
003 DLC
005 20260512000000.0
008 070831c^^^^9999^^^^r1^^^^^^^^0^^^^0spa^d
009 20260512123852.883
022 |a 01851284 
035 |a FCE 000074200 
037 |a Acervo ITESO - Biblioteca 
041 |a spa 
095 |a RLEE  |b 85-2-11 
100 |a Tedesco, Juan Carlos  |e (autor) 
245 1 0 |a Paradigmas de la investigación socioeducativa. 
264 |a México :  |b Centro de Estudios Educativos,  |c 1985. 
336 |a texto  |b txt  |2 rdacontenido 
337 |a sin mediación  |b n  |2 rdamedio 
338 |a volumen  |b nc  |2 rdasoporte 
649 |a XX 
650 |a Teorías 
650 |a Paradigmas 
650 |a Investigación educativa 
650 |a Investigación socioeducativa 
650 |a América Latina 
740 |g vol. 15, no. 2, 1985, pp. 11-41  |t Revista Latinoamericana de Estudios Educativos. Artículos, 
856 4 0 |u https://www.cee.edu.mx/rlee/revista/r1981_1990/r_texto/t_1985_2_02.pdf  |y Ver documento en línea 
910 |a Fondo Centro de Estudios Educativos 
920 |a Impresos - Libros 
930 |a Fondos Especiales 
905 |a 133 
902 |a https://opac.biblio.iteso.mx/vufind/Record/000529953